000 00895nam a2200253Ia 4500
003 GCL
008 140319s9999 xx 000 0 ara d
040 _aGCL /
_cGCL
082 0 4 _a301.4154
_bع ب
100 1 _aعبدالله عبدالغنى غانم
245 1 0 _aالبغايا والبغاء : دراسة سوسيو انثروبولوجية /
_cعبدالله عبدالغنى غانم
260 _a[S.N] :
_bالمكتب الجامعى الحديث ،
_c1990
300 _a342 ص
490 _aسلسلة جرائم النساء (3)
_v0
650 0 4 _aالسلوك الجنسى
650 0 4 _aالخدمة الاجتماعية
650 0 4 _aالاجتماع
650 0 4 _aالجرائم الجنسية
650 0 4 _aالبغاء
650 0 4 _aالصحة الجنسية
650 0 4 _aالفساد الاجتماعى
650 0 4 _aمكافحة البغاء
942 _2ddc
_cBK
999 _c55538
_d55538